[Event "StM 2004"]
[Site "Hartberg"]
[Date "2004.??.??"]
[Round "2.23"]
[White "Genser, Harald"]
[Black "Wiedner, Robert"]
[Result "1/2-1/2"]
[WhiteElo "2285"]
[BlackElo "2214"]
[PlyCount "125"]
[EventDate "2004.??.??"]

1. d4 Nf6 2. c4 e6 3. Nf3 Ne4 4. g3 Bb4+ 5. Nbd2 Nxd2 6. Bxd2 Bxd2+ 7. Qxd2 b6
8. Bg2 Bb7 9. O-O d6 10. Rfd1 O-O 11. Qc2 Nd7 12. Ng5 Qxg5 13. Bxb7 Rad8 14.
Qa4 e5 15. Bc6 Nb8 16. Bg2 a5 17. e3 Rfe8 18. Qc2 exd4 19. Rxd4 Nd7 20. a3 Nf6
21. Rad1 Qg6 22. Qxg6 hxg6 23. b4 Re5 24. Bc6 g5 25. h3 g6 26. Rc1 axb4 27.
axb4 Kg7 28. Ra1 Ne8 29. Ra7 Re7 30. c5 bxc5 31. bxc5 Kf8 32. Ra6 Ng7 33. cxd6
cxd6 34. Ba4 Nf5 35. Rd1 d5 36. Bc2 Kg7 37. e4 Rd6 38. Rxd6 Nxd6 39. exd5 Re2
40. Bd3 Ra2 41. Bf1 Kf6 42. Bg2 Ke5 43. Rc1 Ra7 44. Re1+ Kd4 45. Bf3 Rc7 46.
Kg2 Ra7 47. Rh1 Ra4 48. h4 g4 49. Bxg4 Kxd5 50. Bf3+ Ke6 51. h5 gxh5 52. Rxh5
Rd4 53. Rh1 f6 54. Re1+ Kf5 55. Rd1 Rxd1 56. Bxd1 Kg5 57. f4+ Kg6 58. g4 Kg7
59. Kf3 Kf7 60. Bb3+ Kg7 61. Be6 Kg6 62. Kg3 Ne4+ 63. Kf3 1/2-1/2

[Event "StM 2004"]
[Site "Hartberg"]
[Date "2004.??.??"]
[Round "2.24"]
[White "Nickl, Klaus"]
[Black "Schein, Karl-Heinz"]
[Result "1/2-1/2"]
[WhiteElo "2171"]
[BlackElo "2253"]
[PlyCount "95"]
[EventDate "2004.??.??"]

1. d4 f5 2. Nf3 Nf6 3. g3 g6 4. Bg2 Bg7 5. O-O O-O 6. c4 d6 7. d5 c5 8. Nc3 Na6
9. Rb1 h6 10. b3 g5 11. Bb2 Qe8 12. e3 Bd7 13. Nd2 Ng4 14. Qe2 Qg6 15. Nd1 Rf7
16. f3 Nf6 17. Nf2 f4 18. exf4 gxf4 19. g4 Nb4 20. Nde4 h5 21. h3 hxg4 22. fxg4
Raf8 23. a3 Na6 24. Qd3 Nxe4 25. Bxe4 Bf5 26. Bxf5 Rxf5 27. Kh1 Rg5 28. Qxg6
Rxg6 29. Bxg7 Rxg7 30. Kg2 Nc7 31. Ne4 Rg6 32. Rbd1 b5 33. Kf3 a5 34. a4 bxc4
35. bxc4 Na6 36. h4 Nb4 37. Rf2 e6 38. h5 Rg7 39. dxe6 Nc6 40. g5 Ne5+ 41. Kg2
Nxc4 42. Kh3 Re7 43. Nxd6 Ne3 44. Rc1 Rxe6 45. Nc4 Nxc4 46. Rxc4 Re5 47. Kh4 f3
48. Rg4 1/2-1/2

[Event "StM 2004"]
[Site "Hartberg"]
[Date "2004.??.??"]
[Round "2.25"]
[White "Halser, Walter"]
[Black "Diermair, Andreas"]
[Result "0-1"]
[WhiteElo "2120"]
[BlackElo "2236"]
[PlyCount "134"]
[EventDate "2004.??.??"]

1. e4 e5 2. Nf3 Nc6 3. Bc4 Nf6 4. d4 exd4 5. e5 d5 6. Bb5 Ne4 7. Nxd4 Bd7 8.
Bxc6 bxc6 9. O-O Bc5 10. Be3 Qe7 11. Re1 O-O 12. f3 Ng5 13. f4 Ne6 14. Qd2 Bb6
15. Kh1 f5 16. Nc3 Nxd4 17. Bxd4 Be6 18. Na4 c5 19. Nxb6 axb6 20. Bf2 Ra4 21.
c3 Rfa8 22. a3 Qd7 23. Bg3 Qc6 24. Rac1 Rd8 25. h3 d4 26. Red1 d3 27. Qf2 Rd7
28. Rd2 Re4 29. Rcd1 Bb3 30. Re1 Bc4 31. Re3 Rxe3 32. Qxe3 Qd5 33. Kh2 Kf7 34.
Be1 Bb5 35. Bh4 h6 36. Be1 Bc6 37. Qg3 Qe4 38. Qh4 Kf8 39. Qg3 Bb7 40. Qf2 Bc6
41. Qg3 Kf7 42. Qh4 Kf8 43. Qg3 Bb5 44. Bf2 Kg8 45. Qe3 Bc6 46. Qxe4 Bxe4 47.
g4 Kf7 48. Kg3 Ke6 49. Be3 Rd8 50. Bg1 g6 51. Be3 Rg8 52. Rf2 g5 53. Bd2 gxf4+
54. Kxf4 Rf8 55. Kg3 Rh8 56. Kf4 h5 57. g5 h4 58. g6 Rg8 59. Kg5 f4 60. Rxf4
Rxg6+ 61. Kxh4 Kxe5 62. Rg4 Rf6 63. Rg5+ Ke6 64. Kg3 Rf3+ 65. Kg4 Rf2 66. Bf4
Rg2+ 67. Kh4 d2 0-1

[Event "StM 2004"]
[Site "Hartberg"]
[Date "2004.??.??"]
[Round "2.26"]
[White "Schwarhofer, Christopher"]
[Black "Sommerbauer, Norbert"]
[Result "1/2-1/2"]
[WhiteElo "2029"]
[BlackElo "2431"]
[PlyCount "146"]
[EventDate "2004.??.??"]

1. e4 c5 2. Nf3 e6 3. d4 cxd4 4. Nxd4 a6 5. Be3 Nf6 6. Nc3 Bb4 7. Bd3 Qc7 8.
O-O Nc6 9. Nde2 O-O 10. a3 Be7 11. h3 b5 12. f4 d6 13. g4 d5 14. exd5 Nxd5 15.
Nxd5 exd5 16. c3 Re8 17. Bc2 Bb7 18. Qd3 g6 19. b4 Bf6 20. g5 Bg7 21. Rae1 d4
22. cxd4 Ne7 23. Ng3 Nd5 24. Bb3 Qd7 25. Kh2 Nxe3 26. Rxe3 Rxe3 27. Qxe3 Bxd4
28. Rd1 Qxh3+ 29. Kxh3 Bxe3 30. Bxf7+ Kxf7 31. Rd7+ Ke6 32. Rxb7 Bxf4 33. Rxh7
Bxg5 34. Rg7 Kf6 35. Rc7 Bf4 36. Rc6+ Kg5 37. Rc5+ Kh6 38. Kg4 Bxg3 39. Kxg3
Rd8 40. Rc3 Rd4 41. Kg2 Rd2+ 42. Kg3 Rd4 43. Kg2 Rd6 44. Kg3 Kg7 45. Rf3 Kh6
46. Rc3 Kg5 47. Rc5+ Kf6 48. Kf2 Re6 49. Kf3 Ke7 50. Kf2 Kd7 51. Rg5 Kc7 52.
Rg3 Kb6 53. Rd3 a5 54. Kf3 Rc6 55. Ke2 g5 56. Rd5 axb4 57. axb4 g4 58. Rg5 Rc4
59. Rg6+ Kc7 60. Kd3 Rxb4 61. Kc3 Rf4 62. Kb3 Kd7 63. Kc2 Ke7 64. Rb6 Kf7 65.
Rxb5 Kf6 66. Kd3 g3 67. Ke2 Rf2+ 68. Ke1 Rf5 69. Rxf5+ Kxf5 70. Kf1 Kf4 71. Kg2
Kg4 72. Kg1 Kf3 73. Kh1 Kf2 1/2-1/2

[Event "StM 2004"]
[Site "Hartberg"]
[Date "2004.??.??"]
[Round "2.28"]
[White "Schnider, Gert"]
[Black "Raffalt, Manfred"]
[Result "1-0"]
[WhiteElo "2314"]
[BlackElo "2181"]
[PlyCount "95"]
[EventDate "2004.??.??"]

1. d4 c5 2. d5 e5 3. e4 d6 4. Nc3 Be7 5. f4 Nd7 6. Nf3 a6 7. a4 Ngf6 8. fxe5
Nxe5 9. Nxe5 dxe5 10. Be2 b6 11. O-O O-O 12. Qd3 Ne8 13. Qg3 Qd6 14. Bd2 Nc7
15. Nd1 f5 16. c4 f4 17. Qc3 Bd7 18. Nf2 g5 19. Bg4 Bxg4 20. Nxg4 h5 21. Nf2 g4
22. Nd3 Bf6 23. Bxf4 exf4 24. e5 Bxe5 25. Qxe5 Qxe5 26. Nxe5 Rf6 27. Rae1 Kg7
28. Nd7 Rf7 29. Nxb6 Rb8 30. a5 Ne8 31. Re4 Nd6 32. Rexf4 Rbf8 33. Rxf7+ Rxf7
34. Rxf7+ Kxf7 35. Kf2 Kg6 36. Ke3 Kf5 37. Kd3 h4 38. Nd7 h3 39. gxh3 gxh3 40.
Nxc5 Nf7 41. Nd7 Kf4 42. c5 Kf3 43. c6 Kg2 44. c7 Nd6 45. Nf6 Kxh2 46. Ne4 Nc8
47. d6 Kg2 48. d7 1-0

[Event "StM 2004"]
[Site "Hartberg"]
[Date "2004.??.??"]
[Round "2.29"]
[White "Schwaninger, Wolfgang"]
[Black "Petroczi, Thomas"]
[Result "1-0"]
[WhiteElo "2255"]
[BlackElo "2176"]
[PlyCount "79"]
[EventDate "2004.??.??"]

1. Nf3 f5 2. d4 Nf6 3. c4 g6 4. Nc3 Bg7 5. Bf4 d6 6. e3 O-O 7. h4 Nh5 8. Bh2
Nc6 9. Be2 Bd7 10. Ng5 Qe8 11. Bxh5 gxh5 12. Nd5 Rc8 13. Nf4 h6 14. Nge6 Bxe6
15. Nxe6 Rf6 16. Nf4 e5 17. Nxh5 Rg6 18. Nxg7 Rxg7 19. dxe5 dxe5 20. Qd5+ Kh7
21. O-O-O Rd8 22. Qf3 Rxd1+ 23. Rxd1 Qe6 24. Qd5 Qf6 25. Bg3 a6 26. h5 Rf7 27.
Bh4 Qg7 28. a3 e4 29. g4 Ne5 30. gxf5 Nd3+ 31. Rxd3 exd3 32. f6 Qg8 33. Qxd3+
Kh8 34. Qg6 Qxg6 35. hxg6 Rd7 36. Kc2 Kg8 37. f3 b5 38. cxb5 axb5 39. e4 Rd4
40. b3 1-0

[Event "StM 2004"]
[Site "Hartberg"]
[Date "2004.??.??"]
[Round "2.30"]
[White "Bachofner, Christian"]
[Black "Brod, Manfred"]
[Result "1/2-1/2"]
[WhiteElo "2163"]
[BlackElo "2233"]
[PlyCount "66"]
[EventDate "2004.??.??"]

1. e4 c5 2. Nf3 e6 3. d4 cxd4 4. Nxd4 Nf6 5. Bd3 Nc6 6. Nxc6 dxc6 7. O-O e5 8.
h3 Bc5 9. Qe2 Be6 10. Be3 Bxe3 11. Qxe3 Qb6 12. Qxb6 axb6 13. Nc3 Nd7 14. Be2
h5 15. Rfd1 Ke7 16. a4 g6 17. b3 Nc5 18. Rab1 f6 19. Rd2 h4 20. Rbd1 f5 21. Bf3
Rhg8 22. Re1 f4 23. Red1 Rgd8 24. Rxd8 Rxd8 25. Rxd8 Kxd8 26. Bd1 Ke7 27. Kf1
Kd6 28. Ke1 g5 29. f3 Na6 30. Kd2 Kc5 31. Na2 Nb4 32. Nc1 Kd6 33. Be2 c5
1/2-1/2

[Event "StM 2004"]
[Site "Hartberg"]
[Date "2004.??.??"]
[Round "2.31"]
[White "Bachofner, Andreas"]
[Black "Posch, Werner"]
[Result "0-1"]
[WhiteElo "2230"]
[BlackElo "2172"]
[PlyCount "50"]
[EventDate "2004.??.??"]

1. e4 Nf6 2. Nc3 d5 3. e5 Ne4 4. Nce2 d4 5. c3 Nc6 6. Nxd4 Nxd4 7. Qa4+ c6 8.
Qxd4 Qxd4 9. cxd4 Ng5 10. d3 Ne6 11. Be3 Nc7 12. Nf3 Be6 13. Be2 Bd5 14. O-O
Rd8 15. Nd2 f5 16. Bf3 Ne6 17. g3 g5 18. Bh5+ Kd7 19. Bf7 f4 20. gxf4 gxf4 21.
Bxe6+ Kxe6 22. Bxf4 Bh6 23. Bg3 Bxd2 24. Rad1 Ba5 25. f4 Kf5 0-1

[Event "StM 2004"]
[Site "Hartberg"]
[Date "2004.??.??"]
[Round "2.32"]
[White "Deutsch, Ludwig"]
[Black "Wegerer, Fred"]
[Result "0-1"]
[WhiteElo "2155"]
[BlackElo "2230"]
[PlyCount "80"]
[EventDate "2004.??.??"]

1. d4 Nf6 2. Nf3 e6 3. g3 b6 4. Bg2 Bb7 5. O-O c5 6. c3 Be7 7. Bg5 O-O 8. Nbd2
cxd4 9. Nxd4 Bxg2 10. Kxg2 d5 11. f3 h6 12. Be3 Qd7 13. N2b3 Rd8 14. Bf2 Na6
15. a4 Nc5 16. Nxc5 bxc5 17. Nc2 Rab8 18. Ra2 Rb7 19. Ne3 Rdb8 20. Qc2 Rb3 21.
Nd1 Qb7 22. Re1 a6 23. Kg1 Nd7 24. e4 Ne5 25. Kg2 c4 26. Re2 Nd3 27. exd5 Qxd5
28. Re4 Bc5 29. Re2 g5 30. h3 Kg7 31. Qd2 Bxf2 32. Nxf2 Rxb2 33. Qe3 Rxa2 34.
Rxa2 Rb1 35. Re2 Nxf2 36. Qxf2 Qd1 37. Qd4+ Qxd4 38. cxd4 Rd1 39. Re5 c3 40.
Rc5 Rd2+ 0-1

[Event "StM 2004"]
[Site "Hartberg"]
[Date "2004.??.??"]
[Round "2.33"]
[White "Herndlbauer, Martin"]
[Black "Kreindl, Helmut"]
[Result "1/2-1/2"]
[WhiteElo "2145"]
[BlackElo "2228"]
[PlyCount "49"]
[EventDate "2004.??.??"]

1. e4 d5 2. exd5 Nf6 3. c4 c6 4. d4 cxd5 5. Nc3 e6 6. Nf3 Bb4 7. cxd5 Nxd5 8.
Bd2 O-O 9. Bd3 Nc6 10. O-O Be7 11. Qe2 Ndb4 12. Bb1 Nxd4 13. Nxd4 Qxd4 14. Rd1
Nd5 15. Bg5 Qxd1+ 16. Qxd1 Bxg5 17. Nxd5 exd5 18. Qxd5 Bf6 19. Be4 Bxb2 20. Rb1
Bf6 21. Qd3 g6 22. Qf3 Kg7 23. g3 Rb8 24. a4 b6 25. a5 1/2-1/2

[Event "StM 2004"]
[Site "Hartberg"]
[Date "2004.??.??"]
[Round "2.34"]
[White "Hosp, Reinhard"]
[Black "Fauland, Peter"]
[Result "1/2-1/2"]
[WhiteElo "2131"]
[BlackElo "2227"]
[PlyCount "109"]
[EventDate "2004.??.??"]

1. e4 c5 2. Nf3 e6 3. d4 cxd4 4. Nxd4 a6 5. Be3 d6 6. Nc3 Nf6 7. Be2 b5 8. a3
Bb7 9. f3 Qc7 10. Qd2 d5 11. exd5 Nxd5 12. Nxd5 Bxd5 13. Bf4 Qb6 14. b4 Nc6 15.
Be3 Qc7 16. Nxc6 Qxc6 17. Bd3 Be7 18. O-O Bf6 19. Rad1 O-O 20. Qf2 Qc3 21. Bc5
Rfc8 22. Be4 Bxe4 23. fxe4 Rd8 24. Bd6 e5 25. Rd5 Re8 26. g4 h6 27. h4 Qh3 28.
g5 hxg5 29. hxg5 Qg4+ 30. Qg2 Qxg5 31. Qxg5 Bxg5 32. Rxe5 Rxe5 33. Bxe5 Re8 34.
Bf4 Rxe4 35. Bxg5 Rg4+ 36. Kf2 Rxg5 37. Rd1 Rg6 38. Rd8+ Kh7 39. Rc8 Re6 40. c4
bxc4 41. Rxc4 g5 42. a4 Kg6 43. b5 axb5 44. axb5 f5 45. Rc6 Kf6 46. Ra6 Ke5 47.
b6 Re7 48. Ra7 Re8 49. b7 Rb8 50. Ra5+ Kf6 51. Rb5 Kg6 52. Kf3 Kh5 53. Kg3 f4+
54. Kh3 f3 55. Kg3 1/2-1/2

[Event "StM 2004"]
[Site "Hartberg"]
[Date "2004.??.??"]
[Round "2.35"]
[White "Krebs, Johann"]
[Black "Kranz, Armin"]
[Result "1-0"]
[WhiteElo "2223"]
[BlackElo "2149"]
[PlyCount "51"]
[EventDate "2004.??.??"]

1. Nf3 Nf6 2. c4 e6 3. g3 b6 4. Bg2 Bb7 5. O-O c5 6. Nc3 a6 7. d4 cxd4 8. Nxd4
Bxg2 9. Kxg2 Qc7 10. Qa4 Qb7+ 11. f3 Bc5 12. Rd1 O-O 13. Bg5 Be7 14. Ne4 Rd8
15. Nxf6+ Bxf6 16. Bxf6 gxf6 17. Rd2 f5 18. Rad1 d5 19. cxd5 b5 20. Qc2 Rxd5
21. e4 fxe4 22. Qxe4 Ra7 23. Qg4+ Kh8 24. Qf4 Rd7 25. Nxe6 fxe6 26. Qf8# 1-0

[Event "StM 2004"]
[Site "Hartberg"]
[Date "2004.??.??"]
[Round "2.36"]
[White "Sulyok, Michael"]
[Black "Zsifkovits, Robert"]
[Result "1/2-1/2"]
[WhiteElo "2219"]
[BlackElo "2142"]
[PlyCount "79"]
[EventDate "2004.??.??"]

1. c4 e6 2. Nf3 b6 3. Nc3 c5 4. d4 cxd4 5. Nxd4 Bb7 6. e4 d6 7. Be3 Nf6 8. f3
Be7 9. Be2 a6 10. O-O Nbd7 11. Rc1 Rc8 12. Qd2 Qc7 13. Rfd1 O-O 14. Bf1 Qb8 15.
Qf2 Bd8 16. g4 Ne5 17. g5 Nfd7 18. b3 Bc7 19. Bh3 Rce8 20. f4 Nc6 21. Nxc6 Bxc6
22. b4 f6 23. b5 Bb7 24. gxf6 Nxf6 25. Bxb6 Nxe4 26. Nxe4 Bxe4 27. Bxc7 Qxc7
28. Re1 Qb7 29. bxa6 Qa8 30. Rc3 d5 31. Bg2 Bxg2 32. Qxg2 Qa7+ 33. Kh1 dxc4 34.
Rxc4 Qxa6 35. Rce4 Qd6 36. Qg4 Rf5 37. Qxf5 exf5 38. Rxe8+ Kf7 39. R8e7+ Kf8
40. Re8+ 1/2-1/2

[Event "StM 2004"]
[Site "Hartberg"]
[Date "2004.??.??"]
[Round "2.37"]
[White "Poeltl, Thomas"]
[Black "Krenek, Markus"]
[Result "1-0"]
[WhiteElo "2217"]
[BlackElo "2117"]
[PlyCount "115"]
[EventDate "2004.??.??"]

1. d4 Nf6 2. c4 g6 3. Nc3 Bg7 4. e4 d6 5. f3 O-O 6. Be3 Nbd7 7. Qd2 c5 8. Nge2
a6 9. g4 Qa5 10. Ng3 cxd4 11. Bxd4 Ne5 12. Be2 Nc6 13. Be3 Be6 14. Rc1 Nd7 15.
h4 Nce5 16. b3 b5 17. cxb5 axb5 18. Kf2 b4 19. Na4 Rfc8 20. h5 Nc5 21. hxg6
fxg6 22. Bh6 Nf7 23. Bxg7 Kxg7 24. Qd4+ Kg8 25. Nf5 Bxf5 26. gxf5 Nxa4 27. fxg6
hxg6 28. bxa4 Rxc1 29. Rxc1 Qa7 30. Qxa7 Rxa7 31. Bb5 Ne5 32. f4 Nd7 33. Rc4
Nc5 34. Rxb4 Kf7 35. Ke3 Kf6 36. Rc4 Ne6 37. Rc3 Ra5 38. Rc1 Ra7 39. Rc6 Nd8
40. Rc8 Ne6 41. Rc6 Nc5 42. e5+ Ke6 43. exd6 exd6 44. Kd4 Nxa4 45. Bc4+ Ke7 46.
Ra6 Rxa6 47. Bxa6 Kf6 48. Bd3 Nc5 49. Bc2 g5 50. fxg5+ Kxg5 51. Kd5 Kf6 52.
Kxd6 Na6 53. a4 Kf7 54. Bd3 Nb4 55. Bb5 Nc2 56. a5 Na3 57. Bd3 Ke8 58. a6 1-0

[Event "StM 2004"]
[Site "Hartberg"]
[Date "2004.??.??"]
[Round "2.38"]
[White "Hatzl, Stefan"]
[Black "Wolfram, Dominik"]
[Result "1/2-1/2"]
[WhiteElo "2213"]
[BlackElo "2102"]
[PlyCount "58"]
[EventDate "2004.??.??"]

1. e4 c5 2. Nf3 Nc6 3. c3 Nf6 4. e5 Nd5 5. d4 cxd4 6. cxd4 d6 7. Bc4 Nb6 8. Bb5
dxe5 9. Nxe5 Bd7 10. Nxd7 Qxd7 11. O-O a6 12. Bxc6 Qxc6 13. Nc3 e6 14. Re1 Rd8
15. Bg5 Be7 16. Bxe7 Kxe7 17. Qg4 Kf8 18. Rac1 h5 19. Qf4 Qd6 20. Qf3 Rd7 21.
Ne4 Qd5 22. Qa3+ Kg8 23. Qg3 Qf5 24. Ng5 g6 25. Qb8+ Kg7 26. Qe5+ Qxe5 27. dxe5
Rhd8 28. Ne4 Na4 29. b3 Nb2 1/2-1/2

[Event "StM 2004"]
[Site "Hartberg"]
[Date "2004.??.??"]
[Round "2.39"]
[White "Almer, Gerald"]
[Black "Schmidlechner, Alexander"]
[Result "0-1"]
[WhiteElo "2105"]
[BlackElo "2212"]
[PlyCount "82"]
[EventDate "2004.??.??"]

1. d4 f5 2. c4 Nf6 3. Nc3 d6 4. Nf3 g6 5. Bf4 Bg7 6. Qc2 O-O 7. e3 Nc6 8. a3
Nh5 9. d5 e5 10. Bg5 Ne7 11. Be2 h6 12. Bxe7 Qxe7 13. O-O-O Bd7 14. Nd2 Nf6 15.
h3 c6 16. dxc6 bxc6 17. g4 e4 18. gxf5 Bxf5 19. Nb3 c5 20. Rhg1 Rab8 21. Rde1
Rb6 22. Na4 Rbb8 23. Nc3 g5 24. Nd2 Bxh3 25. b3 Bf5 26. Bd1 Qe5 27. Ndb1 g4 28.
Qd2 Kh7 29. Bc2 h5 30. Rh1 Bg6 31. Reg1 Rbd8 32. Nd5 Nxd5 33. cxd5 Qg5 34. Nc3
Bxc3 35. Qxc3 Rxf2 36. Qa5 Rd7 37. Kb1 Rdf7 38. Qb5 Kg7 39. Qb8 Qf6 40. Rd1 Rf3
41. Rdg1 g3 0-1

[Event "StM 2004"]
[Site "Hartberg"]
[Date "2004.??.??"]
[Round "2.40"]
[White "Kreisl, Robert"]
[Black "Koffler, Daniel"]
[Result "1/2-1/2"]
[WhiteElo "2206"]
[BlackElo "2080"]
[PlyCount "66"]
[EventDate "2004.??.??"]

1. d4 Nf6 2. Nc3 d5 3. Bg5 Ne4 4. Nxe4 dxe4 5. Qd2 h6 6. Bf4 c5 7. dxc5 Qxd2+
8. Bxd2 a5 9. e3 e5 10. Bc3 Nc6 11. Bb5 f6 12. Ne2 Bf5 13. Ng3 Bg6 14. O-O-O
Bxc5 15. Rd5 Bb4 16. Bxb4 axb4 17. Rhd1 O-O 18. Rd7 Na5 19. Rc7 Rfc8 20. Rdd7
Rxc7 21. Rxc7 Kf8 22. Bd7 Rd8 23. Bf5 Bxf5 24. Nxf5 g6 25. Nxh6 Rd6 26. h4 Rc6
27. Rf7+ Ke8 28. g4 b3 29. axb3 Nxb3+ 30. Kb1 Nd2+ 31. Kc1 Nb3+ 32. Kb1 Nd2+
33. Kc1 Nb3+ 1/2-1/2

[Event "StM 2004"]
[Site "Hartberg"]
[Date "2004.??.??"]
[Round "2.41"]
[White "Mueller, Roland"]
[Black "Gerhold, Michael"]
[Result "1/2-1/2"]
[WhiteElo "2097"]
[BlackElo "2203"]
[PlyCount "117"]
[EventDate "2004.??.??"]

1. e4 c5 2. Nf3 Nc6 3. d4 cxd4 4. Nxd4 Nf6 5. Nc3 e5 6. Ndb5 d6 7. Bg5 a6 8.
Na3 b5 9. Nd5 Be7 10. Bxf6 Bxf6 11. c3 O-O 12. Nc2 Bg5 13. a4 bxa4 14. Rxa4 a5
15. Bc4 Rb8 16. b3 Kh8 17. O-O f5 18. exf5 Bxf5 19. Nce3 Bg6 20. Ra3 e4 21. Be2
Ne5 22. Qd4 Rb7 23. Nc4 Nc6 24. Qd1 Bf7 25. f3 exf3 26. gxf3 Rb5 27. Nce3 Rc5
28. f4 Bh6 29. b4 axb4 30. cxb4 Rxd5 31. Nxd5 Nxb4 32. Nxb4 Qb6+ 33. Kh1 Qxb4
34. Ra4 Qc5 35. Bf3 Bc4 36. Re1 Bb5 37. Ra8 Rxa8 38. Bxa8 Bxf4 39. Qf3 g5 40.
Be4 Qe5 41. Qh3 Qe7 42. Qc8+ Kg7 43. Qf5 Qe5 44. Qxh7+ Kf8 45. Qb7 Bd3 46. Qd5
Bd2 47. Qxd3 Bxe1 48. Qf1+ Kg7 49. Qf3 Bd2 50. h4 gxh4 51. Qf5 Qg3 52. Qh7+ Kf8
53. Qf5+ Ke7 54. Qh7+ Kd8 55. Qh8+ Kc7 56. Qh7+ Kd8 57. Qh8+ Ke7 58. Qh7+ Kf6
59. Qf5+ 1/2-1/2

[Event "StM 2004"]
[Site "Hartberg"]
[Date "2004.??.??"]
[Round "3.2"]
[White "Baumegger, Siegfried"]
[Black "Lendwai, Reinhard"]
[Result "1/2-1/2"]
[WhiteElo "2433"]
[BlackElo "2388"]
[PlyCount "83"]
[EventDate "2004.??.??"]

1. e4 c5 2. Nf3 d6 3. d4 cxd4 4. Nxd4 Nf6 5. Nc3 a6 6. Be2 e5 7. Nb3 Be7 8. O-O
O-O 9. Qd3 Be6 10. f4 exf4 11. Bxf4 Nc6 12. Qg3 Ne8 13. Rad1 Bh4 14. Qf3 Qe7
15. Nd5 Bxd5 16. exd5 Ne5 17. Qe3 Bf6 18. Nd2 Ng6 19. Qxe7 Bxe7 20. Bg3 Rc8 21.
c3 Nf6 22. Bf3 Rfd8 23. Rfe1 Bf8 24. Ne4 Nxe4 25. Bxe4 Ne5 26. Bf5 Rc4 27. Bxe5
dxe5 28. Rxe5 Rf4 29. Bd3 Bc5+ 30. Kh1 g6 31. c4 b6 32. g3 Rf2 33. Re2 Rxe2 34.
Bxe2 Kf8 35. Kg2 a5 36. Bd3 Re8 37. Kf3 Re3+ 38. Kf4 Ke7 39. h4 h5 40. b3 Kd6
41. Bf1 Re5 42. Bd3 1/2-1/2

[Event "StM 2004"]
[Site "Hartberg"]
[Date "2004.??.??"]
[Round "3.3"]
[White "Sadilek, Maximilian"]
[Black "Danner, Georg"]
[Result "1/2-1/2"]
[WhiteElo "2130"]
[BlackElo "2432"]
[PlyCount "47"]
[EventDate "2004.??.??"]

1. e4 c5 2. Nf3 d6 3. d4 cxd4 4. Nxd4 Nf6 5. Nc3 Nc6 6. Bc4 e6 7. Be3 Be7 8.
Qe2 O-O 9. O-O-O Bd7 10. Bb3 Qb8 11. Rhg1 Nxd4 12. Bxd4 b5 13. g4 b4 14. e5
bxc3 15. exf6 Bxf6 16. Bxf6 gxf6 17. g5 Kh8 18. gxf6 d5 19. Qe3 cxb2+ 20. Kb1
Rg8 21. Rg7 Rxg7 22. fxg7+ Kg8 23. c4 Qxh2 24. cxd5 1/2-1/2

[Event "StM 2004"]
[Site "Hartberg"]
[Date "2004.??.??"]
[Round "3.4"]
[White "Lehner, Oliver"]
[Black "Mahdy, Khaled"]
[Result "1/2-1/2"]
[WhiteElo "2425"]
[BlackElo "2379"]
[PlyCount "61"]
[EventDate "2004.??.??"]

1. e4 e5 2. Nf3 Nc6 3. Bb5 a6 4. Ba4 Nf6 5. O-O Be7 6. Re1 b5 7. Bb3 O-O 8. d4
exd4 9. e5 Ne8 10. c3 d5 11. cxd4 Na5 12. Bc2 g6 13. Qd2 Nc6 14. Qh6 Bg4 15.
Nbd2 Nxd4 16. Nxd4 Bg5 17. Nc6 Bxh6 18. Nxd8 Rxd8 19. Nb3 Bxc1 20. Raxc1 d4 21.
f3 Be6 22. Red1 Ng7 23. Nxd4 Bd5 24. b4 Bxa2 25. Ra1 Bd5 26. Rxa6 Ne6 27. Ra7
c6 28. Nxe6 Bxe6 29. Raa1 Rxd1+ 30. Rxd1 c5 31. bxc5 1/2-1/2

[Event "StM 2004"]
[Site "Hartberg"]
[Date "2004.??.??"]
[Round "3.5"]
[White "Kwatschewsky, Leo"]
[Black "Neubauer, Martin"]
[Result "1/2-1/2"]
[WhiteElo "2255"]
[BlackElo "2429"]
[PlyCount "79"]
[EventDate "2004.??.??"]

1. c4 g6 2. Nf3 Bg7 3. d4 Nf6 4. Nc3 d5 5. Bf4 O-O 6. e3 c5 7. dxc5 Qa5 8. Rc1
dxc4 9. Bxc4 Qxc5 10. Bb3 Nc6 11. O-O Qa5 12. h3 Bf5 13. Qe2 Ne4 14. Nd5 e5 15.
Rxc6 bxc6 16. Ne7+ Kh8 17. Nxc6 Qb6 18. Ncxe5 Be6 19. Nd4 Bxb3 20. axb3 Rad8
21. Rc1 Kg8 22. Qc2 Nf6 23. Bg5 Rfe8 24. Ng4 Rd7 25. Nxf6+ Bxf6 26. Bxf6 Qxf6
27. b4 a6 28. b5 axb5 29. Nxb5 Rb8 30. Nd4 Qa6 31. b3 Rdb7 32. Qc4 Qd6 33. Qc5
Qxc5 34. Rxc5 Ra8 35. Rc2 Ra1+ 36. Kh2 Rb1 37. h4 Kg7 38. g3 h5 39. Kg2 f6 40.
Ra2 1/2-1/2

[Event "StM 2004"]
[Site "Hartberg"]
[Date "2004.??.??"]
[Round "3.7"]
[White "Schweda, Roland"]
[Black "Kastner, Walter"]
[Result "1-0"]
[WhiteElo "2420"]
[BlackElo "2229"]
[PlyCount "51"]
[EventDate "2004.??.??"]

1. d4 d5 2. Nf3 Nf6 3. c4 e6 4. Bg5 Be7 5. Nc3 O-O 6. cxd5 exd5 7. e3 Bf5 8.
Qb3 Nc6 9. Bxf6 Bxf6 10. Nxd5 Re8 11. Nxf6+ Qxf6 12. Be2 Rad8 13. O-O Be4 14.
Qc3 Bd5 15. Rfd1 Rd6 16. b4 Qf5 17. b5 Rg6 18. Kf1 Qg4 19. Ke1 Qxg2 20. Nh4
Qg1+ 21. Kd2 Qxf2 22. Nxg6 Na5 23. Ne5 Rxe5 24. dxe5 Nc4+ 25. Kc1 Nxe3 26. Qxc7
1-0

[Event "StM 2004"]
[Site "Hartberg"]
[Date "2004.??.??"]
[Round "3.9"]
[White "Hoelzl, Franz"]
[Black "Zoebisch, Herbert"]
[Result "1/2-1/2"]
[WhiteElo "2373"]
[BlackElo "2187"]
[PlyCount "75"]
[EventDate "2004.??.??"]

1. c4 c5 2. g3 Nf6 3. Bg2 e6 4. Nf3 Nc6 5. O-O d5 6. d3 Be7 7. Nc3 d4 8. Na4
Bd7 9. e3 e5 10. exd4 exd4 11. Bg5 b6 12. Bxf6 Bxf6 13. Re1+ Kf8 14. a3 Rc8 15.
Rb1 a5 16. Qb3 Rb8 17. Qc2 g6 18. Nd2 Kg7 19. f4 Re8 20. Ne4 Be7 21. b3 f5 22.
Nd2 Bf6 23. Nb2 Qc7 24. Nf3 Rbd8 25. Qd2 Qb8 26. h4 Rxe1+ 27. Rxe1 Re8 28. Na4
Qc7 29. Rxe8 Bxe8 30. Ng5 Nd8 31. Qe1 Bd7 32. Bd5 h6 33. Nf3 Qd6 34. Kf2 Kf8
35. Nb2 Be8 36. Qh1 Qe7 37. Nd1 Kg7 38. Qe1 1/2-1/2

[Event "StM 2004"]
[Site "Hartberg"]
[Date "2004.??.??"]
[Round "3.10"]
[White "Bezler, Rainer"]
[Black "Schroll, Gerhard"]
[Result "0-1"]
[WhiteElo "2242"]
[BlackElo "2367"]
[PlyCount "62"]
[EventDate "2004.??.??"]

1. e4 e6 2. d4 c5 3. Nf3 cxd4 4. Nxd4 a6 5. c4 Nf6 6. Nc3 Bb4 7. f3 O-O 8. Be2
Qc7 9. Be3 d5 10. exd5 exd5 11. Qb3 Qe7 12. Bg5 dxc4 13. Qxc4 b5 14. Qd3 Bb7
15. O-O Rd8 16. Be3 Nc6 17. Kh1 Nxd4 18. Bxd4 Rxd4 19. Qxd4 Bxc3 20. Qxc3 Qxe2
21. Rfe1 Qc4 22. Qe5 h6 23. b3 Qc2 24. Qd6 Bd5 25. h3 Be6 26. a4 bxa4 27. Rxa4
Qf2 28. Rg1 Nh5 29. Rxa6 Rxa6 30. Qxa6 Ng3+ 31. Kh2 Ne2 0-1

[Event "StM 2004"]
[Site "Hartberg"]
[Date "2004.??.??"]
[Round "3.12"]
[White "Diermair, Andreas"]
[Black "Wittmann, Walter"]
[Result "1/2-1/2"]
[WhiteElo "2236"]
[BlackElo "2337"]
[PlyCount "87"]
[EventDate "2004.??.??"]

1. e4 c5 2. Nf3 e6 3. d4 cxd4 4. c3 Nf6 5. e5 Nd5 6. cxd4 d6 7. Bc4 Nc6 8. O-O
Nb6 9. Bb3 d5 10. Nc3 Be7 11. a3 Bd7 12. Qd3 a6 13. Bc2 Rc8 14. b3 Na7 15. Bb2
Na8 16. Rfc1 Nc7 17. Qe3 Na8 18. Ne2 Nb6 19. Nf4 g6 20. Bd3 Bb5 21. Rxc8 Nbxc8
22. Bxb5+ Nxb5 23. a4 Nba7 24. Ba3 Bxa3 25. Rxa3 h5 26. h4 Ne7 27. Qc3 O-O 28.
Ng5 Qc8 29. Qd2 Nf5 30. Ra1 Nc6 31. Nf3 Qd8 32. g3 Qb6 33. Nxh5 Ncxd4 34. Nf6+
Kg7 35. Ng5 Nxb3 36. Rb1 Qd4 37. Qc2 Nc5 38. Rc1 Qxe5 39. Qxc5 Qxf6 40. Nh7
Kxh7 41. Qxf8 Nh6 42. Rc7 Qa1+ 43. Kg2 Qxa4 44. Rxb7 1/2-1/2

[Event "StM 2004"]
[Site "Hartberg"]
[Date "2004.??.??"]
[Round "3.13"]
[White "Wallis, Anton"]
[Black "Brandner, Stefan"]
[Result "0-1"]
[WhiteElo "2177"]
[BlackElo "2328"]
[PlyCount "78"]
[EventDate "2004.??.??"]

1. e4 e5 2. Nf3 Nc6 3. Bb5 a6 4. Ba4 Nf6 5. O-O Nxe4 6. d4 b5 7. Bb3 d5 8. dxe5
Be6 9. c3 Bc5 10. Nbd2 O-O 11. Qe2 Bf5 12. Nxe4 dxe4 13. Ng5 Nxe5 14. Nxe4 Bg4
15. Qc2 Bf5 16. Qe2 Bg4 17. Qc2 Bb6 18. Bf4 Nd3 19. Bg5 Qd7 20. c4 Bf5 21. Ng3
Bg6 22. Qd2 Qg4 23. cxb5 axb5 24. Bd1 Qe6 25. Be2 Nxf2 26. Rxf2 h6 27. Bf4 Rfd8
28. Qc3 Ra4 29. Qf3 h5 30. b3 Qf6 31. bxa4 Qxa1+ 32. Nf1 Bxf2+ 33. Qxf2 bxa4
34. Bxc7 Rc8 35. Bb6 Qxa2 36. Qe3 a3 37. Bd4 Qe6 38. Qd2 Rc2 39. Qa5 Qxe2 0-1